Регионална библиотека "Любен Каравелов" - Русе

Увод в микроикономиката (Запис номер 97801)

MARC детайли
000 -Лидер
Контролно поле с фиксирана дължина 01570nam a2200349 a 4500
003 - Код на организацията, давaща контролен номер
Контролно поле BLK
005 - Дата и час на последна редакция
Контролно поле 20250417144804.0
008 - Елементи от данни с фиксирана дължина
fixed length control field 180409b bul|||||r ||||||| ||bul||
010 ## - Наследен системен номер
LC control number KNG00102716000
040 ## - Източник на каталожния запис
Идентификатор на билиотеката - собственик на записа BLK
041 ## - Код за език
Код за езика на текст/звукозапис или на отделно заглавие Български
Код за езика КДБФ Български
080 ## - УДК
Текстов определител УДК Макроикономика. Микроикономика
УДК код - определител по УДК 330.101.54
УДК определител (072)
УДК - код + определител 330.101.54(072)
100 1# - Редна дума - Автор
Автор Лейдлър, Дейвид
Авторска отговорност първи автор
R(LIN) 88223
139 ## - Редно поле
Редна дума Лейдлър, Дейвид и др.
Авторски знак Леи - Л 40
245 10 - Сведения за заглавието
Заглавие Увод в микроикономиката
Редно поле (дума) Дейвид Лейдлър; съавт. Сол Естрин; прев. от англ. Васил Бресковски.
257 ## - Страна на издаване
Страна на създаване/издаване Великобритания
260 ## - Област на издателските данни
Място на издаване, разпространение и проч. София
Име на издателя, разпространителя и проч. Унив. изд. Св. Климент Охридски
Година на издаване 1992
300 ## - Физическа характеристика
Страници 516 с.
Илюстрации и др. диагр.
Размери/Мащаб 24 см
380 ## - Жанр
Жанр Обществени науки
500 ## - Общи забележки
Забележка Ориг. загл. Introduction to Mikroeconomies / David Laidier, Saul Estrin - 5 065 тир. - Библиогр. след отд. части ; Терминол. речник.
650 #4 - Допълнително описание по предмет – тема
Основно описание – тема или топоним Микроикономика - методика на преподаване
9 (RLIN) 286619
653 ## - Ключова дума – ненормативна
Ключова дума микроикономика
700 1# - Други автори (авторска отговорност)
Лично име Естрин, Сол
Автороска отговорност (Описва отношението между автора и произведението) съавт.
9 (RLIN) 286618
700 1# - Други автори (авторска отговорност)
Лично име Бресковски, Васил
Автороска отговорност (Описва отношението между автора и произведението) прев. от англ.
9 (RLIN) 43248
852 ## - Местоположение
Форматна сигнатура Цб 170982
Фондова буква Хранилище
856 4# - Електронен адрес и достъп
Електронен формат pdf - файл
Инструкция (цена за достъп) 0.00
Права за достъп disable
856 4# - Електронен адрес и достъп
Електронен формат pdf - файл
Инструкция (цена за достъп) 0.00
Права за достъп disable
999 ## - СИСТЕМНИ КОНТРОЛНИ НОМЕРА
Koha biblionumber 97801
Koha biblioitemnumber 97801
942 ## - АРТИКУЛИ
Вид на библиотечния материал Книги
Скрит в OPAC Не
Koha issues (borrowed), all copies 2
Периодичен библиозапис Да
944 ## - СЪЗДАВАНЕ И РЕДАКЦИЯ на ЗАПИСА
Създаване/Редакция Създаване
Дата на регистрацията/редакция 01.01.1999
Служител, извършил регистрацията/редакцията 30576
Статус, дата на статуса Цветомила Тодорова
944 ## - СЪЗДАВАНЕ И РЕДАКЦИЯ на ЗАПИСА
Създаване/Редакция Редакция
Дата на регистрацията/редакция 05.11.2014
999 ## - СИСТЕМНИ КОНТРОЛНИ НОМЕРА
Koha biblioitemnumber 97801
Наличности
Код за отписване Код за изгубен артикул Източник на класификационната схема Код за повреда Коз за рестрикции Код за отдаване Артикулен № Име на библиотеката - собственик Име на библиотеката, в която се намира в момента Статус (Текущо местоположение) Дата на вписване в системата Местоположение - отдел Цена в лева Инвентарен номер Систематично азбучна сигнатура Баркод Номер на екземпляра Цена в евро Служебна бележка Служебен тип на артикула
  Не е изгубен Universal Decimal Classification Не е повреден без рестрикции ползва се в читалня 157297 Регионална библиотека "Любен Каравелов" Русе Регионална библиотека "Любен Каравелов" Русе Хранилище 1992-01-01 Хранилище 69.95 574878 Цб 170982 120000574878 1 35.76 Дост: Dp Вид: Д N: стар фонд Дата: 01.01.1992 Книги
  Не е изгубен Universal Decimal Classification Не е повреден без рестрикции заемане за дома 157298 Регионална библиотека "Любен Каравелов" Русе Регионална библиотека "Любен Каравелов" Русе Заемна - подръчен фонд 1992-01-01 Заемна - подръчен фонд 2.45 577054 П 330.1/Л 40 120000577054 2 1.25 Дост: Pk Вид: Ф N: стар фонд Дата: 01.01.1992 Дата инв: 05.02.2018 Бележки инв: П2018 Книги
Изтеглен Не е изгубен Universal Decimal Classification Не е повреден без рестрикции заемане за дома 157299 Регионална библиотека "Любен Каравелов" Русе Регионална библиотека "Любен Каравелов" Русе Заемна - подръчен фонд 1992-01-01 Заемна - подръчен фонд 69.95 577056 П 330.1/Л 40 577056 3 35.76 Дост: Pk Вид: Ф N: стар фонд Дата: 01.01.1992 Дата инв: 05.02.2018 Бележки инв: П2018 Книги
Vip Innovations Ltd, Rousse, Bulgaria 2025